Score 0/40 Timer 08:00
0 Plays Today
Original Season Answer % Correct
2 / 3Shangela
97.3%
4Chad Michaels
95.2%
5Alaska
94.5%
5Detox
94.5%
7Katya
94.5%
4Latrice Royale
93.8%
3Manila Luzon
93.8%
5Roxxxy Andrews
93.8%
1BeBe Zahara Benet
93.8%
2Raven
93.2%
1Nina Flowers
93.2%
5Alyssa Edwards
93.2%
2Tatianna
93.2%
7Trixie Mattel
92.5%
2Jujubee
91.8%
10Monet X Change
91.8%
10Monique Heart
91.8%
9Valentina
91.8%
6Adore Delano
91.1%
9Farrah Moan
91.1%
Original Season Answer % Correct
1Tammie Brown
90.4%
6BenDeLaCreme
90.4%
8Thorgy Thor
90.4%
9Trinity The Tuck
90.4%
8Naomi Smalls
90.4%
3Yara Sofia
89.7%
7Ginger Minj
89.7%
5Coco Montrese
89.7%
7Kennedy Davenport
89.7%
6Milk
89.7%
6Gia Gunn
89.7%
1Shannel
89%
3Alexis Mateo
89%
3Mimi Imfurst
89%
2Morgan McMichaels
89%
4Phi Phi O'Hara
88.4%
7Jasmine Masters
88.4%
2Pandora Boxx
87.7%
9Aja
86.3%
8Chi Chi DeVayne
82.9%
Remove Ads.
Support Sporcle.
Get the best of Sporcle when you Go Orange. This ad-free experience offers more features, more stats, and more fun while also helping to support Sporcle. Thank you for becoming a member.

You're not logged in!

Compare scores with friends on all Sporcle quizzes.
OR
Log In

Show Comments

Extras

Top Quizzes Today


Score Distribution

Your Account Isn't Verified!

In order to create a playlist on Sporcle, you need to verify the email address you used during registration. Go to your Sporcle Settings to finish the process.

Report this User

Report this user for behavior that violates our Community Guidelines.

Details: